|
|
|
|
| LEADER |
01395nam a22003017a 4500 |
| 001 |
mzk03001207760 |
| 003 |
CZ BrMZK |
| 005 |
20141013133611.0 |
| 007 |
ta |
| 008 |
120730s1740 it f |||| 0 lat|d |
| 040 |
|
|
|a BOA001
|b cze
|c BOA001
|
| 072 |
|
7 |
|a 094
|x Staré tisky
|2 Konspekt
|9 12
|
| 080 |
|
|
|a (0.068)094
|2 MRF
|
| 100 |
0 |
|
|a Antoninus Florentinus,
|c svatý,
|d 1389-1459
|7 ola2002151582
|4 aut
|
| 245 |
1 |
0 |
|a Sancti Antonini archiepiscopi Florentini Ordinis Praedicatorum Summa theologica :
|b in quattuor partes distributa, ad vetustiores libros exacta, & ab innumeris mendis correcta, & posterioribus Conciliorum, praesertim Tridentini, ac Pontificum Romanorum decretis in adnotationibus ad calcem paginarum subjectis, aliisque observationibus & praelectionibus illustrata, vita auctoris, & indicibus rerum praecipue moralium locupletissimis aucta.
|n Pars 2.
|
| 246 |
3 |
3 |
|a Summa theologica in quattuor partes distributa ...
|
| 260 |
|
|
|a Veronae :
|b ex typographia Seminarii apud Augustinum Carattonium,
|c 1740
|
| 300 |
|
|
|a [6] s., CXXXIV, 1200 sl. ;
|c 2°
|
| 510 |
3 |
|
|a Catalogo del Servizio Bibliotecario Nazionale
|
| 655 |
|
7 |
|a staré tisky
|7 fd422076
|2 czenas
|
| 903 |
|
|
|a RP
|
| 910 |
|
|
|a BOE452
|b Mn
|
| 978 |
|
|
|b Tipografia del Seminario
|a Verona
|c 1740
|
| 978 |
|
|
|b Carattoni, Agostino
|a Verona
|c 1740
|
| 984 |
|
|
|a Verona
|b Itálie
|
| 985 |
|
|
|a 1701-1750
|
| 990 |
|
|
|a BK
|
| 991 |
|
|
|k minorite
|